Biblioteca

Inteligencia Emocional / Maria Helena Lopez de Bernal, Maria Fernanda Gonzalez Medina (Registro nro. 47556)

Detalles MARC
000 -LÍDER
Campo fijo de descripción fija 004800000a22001810004500
001 - NÚMERO DE CONTROL
Campo de control 311
003 - IDENTIFICADOR DEL NÚMERO DE CONTROL
Campo de control CO-MdFUSB
005 - FECHA Y HORA DE LA ULTIMA TRANSACCIÓN
control field 20180817173203.0
008 - ELEMENTOS DE LONGITUD FIJA -- INFORMACIÓN GENERAL
Campo fijo de descripción fija -- Información general 180709b xxu||||| |||| 00| 0 eng d
020 ## - NÚMERO INTERNACIONAL NORMALIZADO PARA LIBROS
Número Internacional Normalizado del libro 958-8177-14-6
040 ## - FUENTE DE CATALOGACIÓN
Agencia que realiza la transcripción CO-MdBIC
082 04 - NÚMERO DE CLASIFICACIÓN DECIMAL DEWEY
Número de clasificación 153 G14ie
100 1# - ASIENTO PRINCIPAL--NOMBRE PERSONAL
Nombre personal Lopez de Bernal, Maria Helena
245 10 - TÍTULO
Título del Material Inteligencia Emocional / Maria Helena Lopez de Bernal, Maria Fernanda Gonzalez Medina
260 ## - PUBLICACIÓN, DISTRIBUCIÓN, ETC. (PIE DE IMPRENTA)
Lugar de publicación, distribución, etc. Colombia : Gamma
300 ## - DESCRIPCIÓN FÍSICA
Extensión 120 P.
942 ## - TIPO DE MATERIAL (KOHA)
Tipo de Item KOHA Z- Libro General BINCO
Existencias
Estado de Material Estado de Perdido Forma de Clasificación Volumen-Parte/Tomo Estado de Dañado No para Préstamo Colección Tomo Biblioteca de Origen Biblioteca Permanente Fecha de Adquisición Total de Préstamos Signatura Topográfica Código de Barras Prestado Última vez visto Última vez Préstado Ejemplar/Existencia Fecha de Remplazo Tipo de Material
    Dewey Decimal Classification       Colección de Referencia 1 Biblioteca Infantil Comunitaria BINCO Biblioteca Infantil Comunitaria BINCO 24/02/2006 1 153 G14ie1 B30104 15/10/2018 01/10/2018 01/10/2018 1 26/01/2016 Z- Libros de Referencia BINCO
    Dewey Decimal Classification       Colección de Referencia 3 Biblioteca Infantil Comunitaria BINCO Biblioteca Infantil Comunitaria BINCO 27/05/2006   153 G14ie3 B30106   24/11/2016   1 26/01/2016 Z- Libros de Referencia BINCO
    Dewey Decimal Classification       Colección de Referencia 2 Biblioteca Infantil Comunitaria BINCO Biblioteca Infantil Comunitaria BINCO 27/05/2006 2 153 G14ie2 B30105 15/10/2018 01/10/2018 01/10/2018 1 26/01/2016 Z- Libros de Referencia BINCO

Biblioteca FUSBC | Teléfono: (57+4) 349 88 10 Ext. 141| WhatsApp (+57) 3005338115 
E-mail: biblioteca@unisbc.edu.co | Calle 76 87-14 Robledo Palenque, Medellín, Colombia

Con tecnología Koha